Бухгалтерский финансовый учет / ДО 2021 (38.03.01): электронный курс

Manylion Llyfryddiaeth
Prif Awdur: Горюнова Н. Н. Наталия Николаевна
Awdur Corfforaethol: Национальный исследовательский Томский политехнический университет Управление проректора по науке и стратегическим проектам Бизнес-школа
Crynodeb:Заглавие с экрана
Основной целью курса является изучение практики ведения бухгалтерского учета в коммерческих организациях. Курс предназначен для студентов, обучающихся по заочной форме по направлению 38.03.01 "Экономика" подготовки бакалавров. Дисциплина изучается в 6-м семестре. В курсе раскрывается ведение бухгалтерского учета на основных участках (основные средства, материально-производственные запасы, оплата труда и т.д.). В отношении каждого участка изучается документооборот, синтетический и аналитический учет, составление бухгалтерских проводок, порядок раскрытия информации в бухгалтерской отчетности. Особое внимание уделяется комплексному восприятию бухгалтерского учета как элемента системы управления предприятием и пониманию влияния методик учета на финансовый результат.
Интерактивный мультимедиа ресурс
AM_Login_TPU
Iaith:Rwseg
Cyhoeddwyd: Томск, TPU Moodle, 2024
Pynciau:
Mynediad Ar-lein:https://design.lms.tpu.ru/course/view.php?id=4753
Fformat: MixedMaterials Electronig Llyfr
KOHA link:https://koha.lib.tpu.ru/cgi-bin/koha/opac-detail.pl?biblionumber=671094

MARC

LEADER 00000nlm0a2200000 4500
001 671094
005 20241016153819.0
090 |a 671094 
100 |a 20240304d2024 m||y0rusy50 ca 
101 0 |a rus 
102 |a RU 
105 |a a j 000yy 
135 |a jrcn ---uucaa 
181 0 |a i   |b  e  
182 0 |a b 
183 0 |a cr  |2 RDAcarrier 
200 1 |a Бухгалтерский финансовый учет / ДО 2021 (38.03.01)  |e электронный курс  |f Н. Н. Горюнова  |g Национальный исследовательский Томский политехнический университет, Бизнес-школа 
203 |a Текст  |c электронный  |b визуальный 
210 |a Томск  |c TPU Moodle  |d 2024 
283 |a online_resource  |2 RDAcarrier 
300 |a Заглавие с экрана 
330 |a Основной целью курса является изучение практики ведения бухгалтерского учета в коммерческих организациях. Курс предназначен для студентов, обучающихся по заочной форме по направлению 38.03.01 "Экономика" подготовки бакалавров. Дисциплина изучается в 6-м семестре. В курсе раскрывается ведение бухгалтерского учета на основных участках (основные средства, материально-производственные запасы, оплата труда и т.д.). В отношении каждого участка изучается документооборот, синтетический и аналитический учет, составление бухгалтерских проводок, порядок раскрытия информации в бухгалтерской отчетности. Особое внимание уделяется комплексному восприятию бухгалтерского учета как элемента системы управления предприятием и пониманию влияния методик учета на финансовый результат.  
336 |a Интерактивный мультимедиа ресурс 
371 |a AM_Login_TPU 
606 1 |a Бухгалтерский учет  |9 53805 
610 1 |a электронный ресурс 
610 1 |a труды учёных ТПУ 
610 1 |a электронное обучение 
610 1 |a кампусные онлайн-курсы 
610 1 |a дистанционное образование 
610 1 |a дистанционное обучение 
610 1 |a e-learning 
610 1 |a Moodle 
610 1 |a учет 
610 1 |a имущество 
610 1 |a производство 
610 1 |a продажи 
610 1 |a финансовые результаты 
610 1 |a бухгалтерская отчетность 
675 |a 657.22(075.8)  |v 4 
700 1 |a Горюнова  |b Н. Н.  |c экономист  |c доцент Томского политехнического университета, кандидат экономических наук  |f 1979-  |g Наталия Николаевна  |9 11484 
712 0 2 |a Национальный исследовательский Томский политехнический университет  |c (2009- )  |b Управление проректора по науке и стратегическим проектам  |b Бизнес-школа  |9 26305 
801 0 |a RU  |b 63413507  |c 20240304  |g RCR 
850 |a 63413507 
856 4 |u https://design.lms.tpu.ru/course/view.php?id=4753  |z https://design.lms.tpu.ru/course/view.php?id=4753 
942 |c CF